01160cam a22003015a 4500001001000000003000400010005001700014008004100031020002500072020003000097040003700127082002200164245012400186260005700310300005100367500002400418504004100442650004400483650004500527651001000572653002900582655002400611700002700635700003700662942002200699999001700721952012000738016964722OSt20150622141727.0141125t2015 flua frb 001 0 eng d a9781482214857 (hbk.) z9781482214871 (PDF ebook) aStDuBDSbengcStDuBDSdEG-ScBUE 04a621.3821222bMUL00aMultimedia over cognitive radio networks :balgorithms, protocols, and experiments /cedited by Fei Hu and Sunil Kumar. aBoca Raton :bCRC Press / Taylor & Francis,cc.2015. axx, 472 p. :bill. (black and white) ;c26 cm. aIndex : p. 459-472. aIncludes bibliographical references. 7aCognitive radio networks.2BUEsh937226 7aMultimedia communications.2BUEsh937797 2BUEsh bENGGENbCOMSCIcJune2015 vreading book9342321 aKumar, Sunil,eeditor.1 aHu, Fei,d1972-,eeditor.938187 2ddck621.3821 MUL c19558d19530 00102ddc40708BaccahaMAINbMAINc1STd2015-06-10epurchasel0o621.3821 MULp000038477r2025-07-15 00:00:00yBB